000 00566nam a22002177a 4500
003 SISC
005 20160303100652.0
008 130724t xxu||||| |||| 00| 0 eng d
020 _a1875481044
050 _aPZ 10.3
_b.Se516 1993
082 _aCLA
_bSe8b 1993
100 _aSewell, Anna
_93322
245 _aBlack beauty /
_cAnna Sewell
260 _aAustralia :
_bModern Pub. Grp,
_cc1993.
300 _a166 p. :
_c18 cm.
562 _e1
650 _a Horses
_xFiction.
_93581
650 _aAnimals
_xFiction.
_93582
942 _2lcc
_cBK
999 _c7620
_d7620